La migración de mujeres hondureñas y la crisis de los cuidados /

保存先:
書誌詳細
第一著者: Ortega, Ana
フォーマット: テキスト
タグ: タグ追加
タグなし, このレコードへの初めてのタグを付けませんか!

MARC

LEADER 00000 a a2200000 04500
001 48769
003
040
100 |a Ortega, Ana  
245 |a La migración de mujeres hondureñas y la crisis de los cuidados /  |c Ana Ortega  
773 |a número256, (2015), páginas 103-113  
999 |c 22309  |d 22309